[Event "Mittelfranken-chTB2a 1415"]
[Site "Mittelfranken"]
[Date "2015.03.08"]
[Round "7.3"]
[White "Riexinger, Andreas"]
[Black "Pikal, Alexander"]
[Result "1/2-1/2"]
[WhiteElo "1650"]
[BlackElo "1921"]
[PlyCount "89"]
[EventDate "2014.09.28"]
[EventType "team-tourn"]
[EventRounds "9"]
[EventCountry "GER"]
[SourceTitle "EXT 2020"]
[Source "ChessBase"]
[SourceDate "2019.10.17"]
[SourceVersion "1"]
[SourceVersionDate "2019.10.17"]
[SourceQuality "1"]
[WhiteTeam "Postbauer Heng II"]
[BlackTeam "Bad Windsheim/Ansbach"]
[WhiteTeamCountry "GER"]
[BlackTeamCountry "GER"]

1. d4 d5 2. c4 c6 3. Qc2 f5 4. Nf3 e6 5. Bg5 Nf6 6. e3 Bd6 7. c5 Bc7 8. b4 0-0 9. Nc3 Nbd7 10. Be2 Qe8 11. Bxf6 Rxf6 12. b5 e5 13. bxc6 bxc6 14. 0-0 e4 15. Ng5 Rh6 16. Nh3 Nf6 17. Nf4 g5 18. Nh3 g4 19. Nf4 Bxf4 20. exf4 Qh5 21. h3 Qh4 22. Kh2 Nh5 23. Qd2 Rg6 24. Qe3 gxh3 25. g3 Nxg3 26. fxg3 Qh6 27. Rab1 Kh8 28. Rb2 Rg8 29. Rfb1 a5 30. Rb6 Rg6 31. Rb8 Rxb8 32. Rxb8 Rg8 33. Ra8 Qg6 34. Rxa5 h5 35. Ra3 h4 36. Na4 Rg7 37. Nb6 Be6 38. Rb3 Kg8 39. a4 hxg3+ 40. Qxg3 Qh6 41. Qxh3 Qxf4+ 42. Rg3 e3 43. Qg2 Qh4+ 44. Qh3 Qf4 45. Qg2 1/2-1/2

[Event "Nuremberg Zabo op 10th"]
[Site "Nuremberg"]
[Date "2008.09.20"]
[Round "2"]
[White "Riexinger, Andreas"]
[Black "Berntgen, Henri"]
[Result "1-0"]
[WhiteElo "1725"]
[BlackElo "1308"]
[PlyCount "115"]
[EventDate "2008.09.19"]
[EventType "swiss"]
[EventRounds "5"]
[EventCountry "GER"]
[SourceTitle "EXT 2012"]
[Source "ChessBase"]
[SourceDate "2011.11.24"]
[SourceVersion "1"]
[SourceVersionDate "2011.11.24"]
[SourceQuality "1"]

1. d4 e6 2. e4 d5 3. f3 dxe4 4. Be3 Nc6 5. Nc3 Bb4 6. Qd2 Nge7 7. a3 Bxc3 8. Qxc3 Nd5 9. Qd2 Nxe3 10. Qxe3 Nxd4 11. 0-0-0 e5 12. c3 Nb3+ 13. Kc2 Bd7 14. Qxe4 0-0 15. Bd3 g6 16. Kxb3 Bf5 17. Qe2 Be6+ 18. Kc2 Qd7 19. Bb5 Qe7 20. Bc4 Bf5+ 21. Bd3 Bd7 22. Kb1 a5 23. f4 Rfe8 24. Qxe5 Qxe5 25. fxe5 Bc6 26. Nf3 Bxf3 27. gxf3 Rxe5 28. Rhe1 Rh5 29. Re7 Rxh2 30. Rxc7 Rb8 31. Bc4 Rf8 32. Rxb7 h5 33. Rg1 h4 34. Rxg6+ Kh7 35. Bd3 Kh8 36. Rg1 h3 37. Rb5 Rg2 38. Rh5+ Kg7 39. Rxg2+ hxg2 40. Rg5+ Kf6 41. Rxg2 Ke5 42. Rg4 f5 43. Ra4 Rf7 44. Rxa5+ Kf4 45. Rxf5+ Rxf5 46. Bxf5 Kxf5 47. a4 Ke5 48. a5 Kd6 49. f4 Kc6 50. f5 Kb5 51. b4 Ka6 52. f6 Kb5 53. f7 Kc4 54. f8Q Kxc3 55. Qf3+ Kxb4 56. Qe4+ Kc5 57. Qd3 Kc6 58. Qd4 1-0

[Event "Nuremberg Zabo op 10th"]
[Site "Nuremberg"]
[Date "2008.09.19"]
[Round "1"]
[White "Kunz, Konstantin"]
[Black "Riexinger, Andreas"]
[Result "1-0"]
[WhiteElo "2158"]
[BlackElo "1725"]
[PlyCount "75"]
[EventDate "2008.09.19"]
[EventType "swiss"]
[EventRounds "5"]
[EventCountry "GER"]
[SourceTitle "EXT 2012"]
[Source "ChessBase"]
[SourceDate "2011.11.24"]
[SourceVersion "1"]
[SourceVersionDate "2011.11.24"]
[SourceQuality "1"]

1. d4 Nf6 2. Nf3 g6 3. c4 Bg7 4. Nc3 d6 5. e4 0-0 6. h3 c5 7. d5 a6 8. a4 b6 9. Bd3 Bb7 10. 0-0 e5 11. g4 h5 12. Nh2 Nbd7 13. Be3 Kh7 14. Be2 Rh8 15. Kg2 Kg8 16. Rh1 h4 17. Bg5 Bh6 18. Bxh4 Bf4 19. Bg3 g5 20. Nf3 Nh7 21. h4 f6 22. Qd3 Kg7 23. Nd1 Ndf8 24. Ne3 Bc8 25. Nf5+ Bxf5 26. gxf5 Nd7 27. Rh2 gxh4 28. Nxh4 Qg8 29. Ng6 Bxg3 30. fxg3 Qf7 31. Rah1 Ndf8 32. Nxh8 Kxh8 33. Bh5 Qg7 34. Bg6 Nxg6 35. Rxh7+ Qxh7 36. Rxh7+ Kxh7 37. fxg6+ Kxg6 38. Qf3 1-0

[Event "Nuremberg LGA Cup 5th"]
[Site "Nuremberg"]
[Date "2008.09.07"]
[Round "7.72"]
[White "Thuerauf, Peter"]
[Black "Riexinger, Andreas"]
[Result "1/2-1/2"]
[WhiteElo "1924"]
[BlackElo "1687"]
[PlyCount "106"]
[EventDate "2008.09.04"]
[EventType "swiss"]
[EventRounds "7"]
[EventCountry "GER"]
[SourceTitle "EXT 2022"]
[Source "ChessBase"]
[SourceDate "2021.10.06"]
[SourceVersion "1"]
[SourceVersionDate "2021.10.06"]
[SourceQuality "1"]

1. d4 Nf6 2. Nf3 g6 3. c4 Bg7 4. g3 d6 5. Bg2 0-0 6. 0-0 Nc6 7. Nc3 e5 8. h3 Ne8 9. Bg5 f6 10. Be3 f5 11. dxe5 dxe5 12. Bc5 Nd6 13. Qd5+ Kh8 14. Rad1 e4 15. Bxd6 cxd6 16. Nh2 Nb4 17. Qb5 Nc2 18. e3 a5 19. a3 Be6 20. Qa4 Bxc3 21. bxc3 Nxa3 22. Qxa3 Bxc4 23. Rfe1 b5 24. Qxd6 Qxd6 25. Rxd6 Rfd8 26. Rd4 Rxd4 27. exd4 b4 28. cxb4 axb4 29. Rb1 b3 30. Bf1 Bd5 31. Be2 Ra2 32. Bd1 b2 33. Nf1 Ra1 34. Nd2 Ba2 35. Bc2 Bxb1 36. Bxb1 Ra4 37. Kf1 Rxd4 38. Ke2 Rd7 39. Kd1 Rc7 40. Ke2 Rc3 41. Nf1 Rc1 42. Nd2 Kg7 43. f3 exf3+ 44. Kxf3 Kf6 45. Ke3 Rc3+ 46. Kf2 Ke5 47. Nf3+ Kf6 48. h4 h6 49. Nd2 g5 50. hxg5+ hxg5 51. g4 Rh3 52. Bxf5 Ke5 53. Ke2 Rc3 1/2-1/2

[Event "Nuremberg LGA Cup 3rd"]
[Site "Nuremberg"]
[Date "2006.09.10"]
[Round "7.74"]
[White "Kuenne, Lutz Dieter"]
[Black "Riexinger, Andreas"]
[Result "0-1"]
[WhiteElo "1601"]
[BlackElo "1264"]
[PlyCount "88"]
[EventDate "2006.09.07"]
[EventType "swiss"]
[EventRounds "7"]
[EventCountry "GER"]
[SourceTitle "EXT 2022"]
[Source "ChessBase"]
[SourceDate "2021.10.06"]
[SourceVersion "1"]
[SourceVersionDate "2021.10.06"]
[SourceQuality "1"]

1. e4 d6 2. d4 Nf6 3. Nc3 g6 4. Nf3 Bg7 5. Be3 0-0 6. Qd2 Ng4 7. Be2 Nxe3 8. Qxe3 Bg4 9. h3 Bxf3 10. Bxf3 c6 11. 0-0 Qb6 12. Rfd1 e5 13. dxe5 Qxe3 14. fxe3 dxe5 15. Rd3 c5 16. Nd5 Nc6 17. Rc3 b6 18. a3 Rad8 19. Rb1 Nb8 20. b4 cxb4 21. axb4 f5 22. Rc7 Rf7 23. Rxf7 Kxf7 24. Ra1 Nc6 25. b5 Na5 26. Rc1 Bh6 27. Kf2 Nc4 28. Re1 Na3 29. Ra1 Nxb5 30. c4 Nd6 31. Rxa7+ Kf8 32. Rxh7 Bg7 33. Nxb6 Kg8 34. Rh4 Bf6 35. g3 Bxh4 36. gxh4 Nxe4+ 37. Bxe4 fxe4 38. Nd5 Kg7 39. Kg3 Rf8 40. Kg4 Kh6 41. Nc3 Rf1 42. Nxe4 Rc1 43. c5 Rc4 44. Kf3 Kh5 0-1